[Event "HUN-chT2 Toth 1617"]
[Site "Hungary"]
[Date "2017.04.09"]
[Round "11.11"]
[White "Volford, Istvan"]
[Black "Balassy, Gabor"]
[Result "1/2-1/2"]
[WhiteElo "1749"]
[BlackElo "1804"]
[PlyCount "49"]
[EventDate "2016.09.25"]
[EventType "team-tourn"]
[EventRounds "11"]
[EventCountry "HUN"]
[SourceTitle "EXT 2021"]
[Source "ChessBase"]
[SourceDate "2020.10.23"]
[SourceVersion "1"]
[SourceVersionDate "2020.10.23"]
[SourceQuality "1"]
[WhiteTeam "Szeged Maroczy II"]
[BlackTeam "Mako Duocor II"]
[WhiteTeamCountry "HUN"]
[BlackTeamCountry "HUN"]

1. e4 c6 2. d4 d5 3. e5 Bf5 4. Nc3 e6 5. g4 Bg6 6. Nge2 h6 7. Nf4 Bh7 8. a3 a5 9. Be3 Nd7 10. Bd3 Bxd3 11. Qxd3 Ne7 12. h4 Qc7 13. Rc1 b5 14. Na2 Nb6 15. c3 a4 16. Qc2 Kd7 17. Nb4 Nc4 18. Nbd3 Nc8 19. Nh5 Rg8 20. Bxh6 N8b6 21. Qe2 Kc8 22. Be3 Be7 23. g5 g6 24. Nhf4 Kb7 25. Nb4 1/2-1/2

[Event "HUN-chT Csongrad Region"]
[Site "Hungary"]
[Date "2016.03.06"]
[Round "7.3"]
[White "Volford, Istvan"]
[Black "Bartos, Ferenc"]
[Result "1/2-1/2"]
[WhiteElo "1773"]
[BlackElo "1817"]
[PlyCount "60"]
[EventDate "2015.09.20"]
[EventType "team-tourn"]
[EventRounds "9"]
[EventCountry "HUN"]
[SourceTitle "EXT 2017"]
[Source "ChessBase"]
[SourceDate "2016.10.25"]
[SourceVersion "1"]
[SourceVersionDate "2016.10.25"]
[SourceQuality "1"]

1. e4 e5 2. Nf3 Nc6 3. Bc4 Bc5 4. 0-0 Nf6 5. Nc3 0-0 6. d3 h6 7. Ne2 d6 8. h3 Bd7 9. c3 Bb6 10. Ng3 Qe7 11. Re1 Na5 12. Bb3 Nxb3 13. axb3 a6 14. d4 Rad8 15. Be3 Nxe4 16. Nxe4 f5 17. Nxd6 cxd6 18. dxe5 Bxe3 19. Rxe3 f4 20. exd6 Qf6 21. Re1 Bc6 22. Nd4 Rxd6 23. Qc2 f3 24. Nxc6 Qg5 25. Ne7+ Kh8 26. g3 Rd2 27. Qe4 Rxf2 28. Ng6+ Kg8 29. Ne7+ Kh8 30. Ng6+ Kg8 1/2-1/2

[Event "HUN-chT2 Toth 1415"]
[Site "Hungary"]
[Date "2014.11.30"]
[Round "5.10"]
[White "Volford, Istvan"]
[Black "Balassy, Gabor"]
[Result "1-0"]
[WhiteElo "1908"]
[BlackElo "1708"]
[PlyCount "55"]
[EventDate "2014.09.07"]
[EventType "team-tourn"]
[EventRounds "11"]
[EventCountry "HUN"]
[SourceTitle "EXT 2016"]
[Source "ChessBase"]
[SourceDate "2015.10.08"]
[SourceVersion "1"]
[SourceVersionDate "2015.10.08"]
[SourceQuality "1"]
[WhiteTeam "Maroczy II"]
[BlackTeam "Mako II"]
[WhiteTeamCountry "HUN"]
[BlackTeamCountry "HUN"]

1. e4 c6 2. d4 d5 3. e5 Bf5 4. Nc3 e6 5. g4 Bg6 6. Nge2 h6 7. Nf4 Bh7 8. a3 a5 9. Bd3 Bxd3 10. Qxd3 Ne7 11. 0-0 Nd7 12. Be3 g6 13. Nce2 Qb6 14. c4 Bg7 15. c5 Qc7 16. Qd2 h5 17. f3 hxg4 18. fxg4 0-0-0 19. Ng2 Rdf8 20. Rf3 Rh7 21. b4 Bxe5 22. dxe5 Qxe5 23. Raf1 Qxh2+ 24. Kf2 Ne5 25. Rg3 Nc4 26. Qc3 f6 27. Nd4 f5 28. Nxe6 1-0

[Event "HUN-chT2 Toth 1415"]
[Site "Hungary"]
[Date "2014.09.21"]
[Round "2.12"]
[White "Inges, Zeno"]
[Black "Volford, Istvan"]
[Result "1/2-1/2"]
[WhiteElo "1817"]
[BlackElo "1908"]
[PlyCount "83"]
[EventDate "2014.09.07"]
[EventType "team-tourn"]
[EventRounds "11"]
[EventCountry "HUN"]
[SourceTitle "EXT 2016"]
[Source "ChessBase"]
[SourceDate "2015.10.08"]
[SourceVersion "1"]
[SourceVersionDate "2015.10.08"]
[SourceQuality "1"]
[WhiteTeam "Ujszasz"]
[BlackTeam "Maroczy II"]
[WhiteTeamCountry "HUN"]
[BlackTeamCountry "HUN"]

1. e4 d6 2. d4 Nf6 3. Bd3 g6 4. Nf3 Bg7 5. h3 0-0 6. 0-0 b6 7. Be3 Bb7 8. Nbd2 Nbd7 9. c3 c5 10. d5 Re8 11. Rb1 a6 12. a4 Qc7 13. Bf4 Nh5 14. Bh2 Ne5 15. Nxe5 dxe5 16. Be2 Nf4 17. Bxf4 exf4 18. Re1 Rad8 19. Qb3 e6 20. c4 Rd6 21. Bf3 Be5 22. Bd1 Bg7 23. Bc2 e5 24. Ra1 a5 25. Qd3 Bc8 26. Nb1 f5 27. Qf3 fxe4 28. Bxe4 Rf6 29. Nc3 Bd7 30. Rad1 Bf8 31. Bc2 Bf5 32. Bxf5 gxf5 33. Nb5 Qb8 34. d6 Qd8 35. Qd5+ Kh8 36. Rxe5 Rxe5 37. Qxe5 f3 38. d7 Bg7 39. Qe8+ Rf8 40. Qxd8 Rxd8 41. Nd6 Rxd7 42. Re1 1/2-1/2

[Event "HUN-chT2 Maroczy 0001"]
[Site "Hungary"]
[Date "2001.01.21"]
[Round "5"]
[White "Simon, Nandor"]
[Black "Volford, Istvan"]
[Result "1-0"]
[WhiteElo "2129"]
[BlackElo "1931"]
[PlyCount "55"]
[EventDate "2000.11.26"]
[EventType "team"]
[EventRounds "11"]
[EventCountry "HUN"]
[SourceTitle "EXT 2007"]
[Source "ChessBase"]
[SourceDate "2006.11.23"]
[SourceVersion "1"]
[SourceVersionDate "2006.11.23"]
[SourceQuality "1"]
[WhiteTeam "Sarospatak II"]
[BlackTeam "Szeged Portal"]
[WhiteTeamCountry "HUN"]
[BlackTeamCountry "HUN"]

1. e4 d6 2. f4 Nf6 3. Nc3 g6 4. d4 Bg7 5. Nf3 0-0 6. Bd3 c6 7. h3 Qb6 8. 0-0 e5 9. Be3 exf4 10. Bxf4 Nh5 11. Be3 Qxb2 12. Qd2 Qb6 13. e5 Ng3 14. Rfb1 Qa5 15. exd6 Qh5 16. Kh2 Nf5 17. g4 Nxd4 18. Nxd4 Bxg4 19. Bf1 Qe5+ 20. Kg2 Be6 21. Rxb7 c5 22. Nxe6 fxe6 23. Rb3 Nc6 24. Re1 Qf5 25. Be2 Ne5 26. Rf1 Nc4 27. Rxf5 Nxd6 28. Rxf8+ 1-0

[Event "HUN-chT2 Maroczy 0001"]
[Site "Hungary"]
[Date "2000.12.17"]
[Round "3"]
[White "Szijarto, Csaba"]
[Black "Volford, Istvan"]
[Result "1-0"]
[WhiteElo "1777"]
[BlackElo "1931"]
[PlyCount "68"]
[EventDate "2000.11.26"]
[EventType "team"]
[EventRounds "11"]
[EventCountry "HUN"]
[SourceTitle "EXT 2007"]
[Source "ChessBase"]
[SourceDate "2006.11.23"]
[SourceVersion "1"]
[SourceVersionDate "2006.11.23"]
[SourceQuality "1"]
[WhiteTeam "Ujszasz"]
[BlackTeam "Szeged Portal"]
[WhiteTeamCountry "HUN"]
[BlackTeamCountry "HUN"]

1. e4 d6 2. d4 Nf6 3. Nc3 g6 4. Be3 Bg7 5. Qd2 c6 6. f3 b5 7. a3 Nbd7 8. Nge2 Qa5 9. Ng3 Ba6 10. b4 Qc7 11. Be2 Nb6 12. 0-0 Bb7 13. a4 a6 14. Kh1 h5 15. Bd3 h4 16. Nge2 h3 17. g3 e5 18. a5 Nbd7 19. dxe5 Nxe5 20. Bb6 Qe7 21. Rae1 Nfd7 22. Be3 c5 23. Nf4 Kf8 24. Ncd5 Qd8 25. c3 Kg8 26. Ne2 c4 27. Bb1 Nf6 28. Bb6 Qd7 29. Nef4 Ne8 30. Bd4 Bh6 31. Nb6 Qe7 32. Nxa8 Bxa8 33. Qf2 Bxf4 34. gxf4 f5 1-0

[Event "HUN-chT2 Maroczy 0001"]
[Site "Hungary"]
[Date "2000.11.26"]
[Round "1"]
[White "Bolvary, Tamara"]
[Black "Volford, Istvan"]
[Result "0-1"]
[WhiteElo "1937"]
[BlackElo "1931"]
[PlyCount "64"]
[EventDate "2000.11.26"]
[EventType "team"]
[EventRounds "11"]
[EventCountry "HUN"]
[SourceTitle "EXT 2007"]
[Source "ChessBase"]
[SourceDate "2006.11.23"]
[SourceVersion "1"]
[SourceVersionDate "2006.11.23"]
[SourceQuality "1"]
[WhiteTeam "Kecskemet Szechenyi"]
[BlackTeam "Szeged Portal"]
[WhiteTeamCountry "HUN"]
[BlackTeamCountry "HUN"]

1. c4 d6 2. g3 Nf6 3. Bg2 g6 4. Nc3 Bg7 5. d3 0-0 6. Nf3 c6 7. 0-0 Nbd7 8. Rb1 e5 9. b4 d5 10. Nd2 d4 11. Nce4 Nxe4 12. Nxe4 f5 13. Nd6 Nf6 14. c5 Qe7 15. b5 cxb5 16. Rxb5 Rb8 17. Bg5 h6 18. Bxf6 Bxf6 19. Bd5+ Kg7 20. Qb3 b6 21. Nc4 Ba6 22. Rb4 Qxc5 23. Bg2 Bb7 24. Rb5 Qe7 25. Bxb7 Rxb7 26. Rc1 Rc8 27. a4 Rbc7 28. h4 Rc5 29. f3 f4 30. g4 Bxh4 31. Kg2 h5 32. Rh1 hxg4 0-1